History by Images - 'O' - Statistics

General Stats
  • This quiz has been taken 63 times
  • The average score is 8 of 16
Answer Stats
Picture Hint Answer % Correct
Empire established in Anatolia Ottoman
100%
Written by Homer Odyssey
87%
Created by Nabisco in 1912 Oreo
85%
Former Lord Protector Oliver Cromwell
80%
A beach used for Operation Overlord Omaha
72%
Former Prussian Prime Minister Otto von Bismarck
70%
Two __ wars fought in mid 1800s Opium
65%
Constellation listed by Ptolemy Orion
65%
'Christiana' Oslo
61%
Early Mesoamerican civilization Olmec
46%
Discovered in 1803 Osmium
26%
A Germanic kingdom Ostrogoth
26%
Second Khan of the Mongols Ögedei Khan
11%
Battle nicknamed Operation Iceberg Okinawa
9%
King of Northumbria in 633 AD Oswald
9%
Persian Poet Omar Khayyam
4%
No matching quizzes found
Score Distribution
Percent of People with Each Score
Percentile by Number Answered
Your Score History
You have not taken this quiz